<?xml version="1.0" encoding="UTF-8"?>
<collection xmlns="http://www.loc.gov/MARC21/slim">
 <record>
  <leader>01727nam a2200229 a 4500</leader>
  <controlfield tag="001">1/43628</controlfield>
  <controlfield tag="008">130618s2011    lu a          00010 gre d</controlfield>
  <datafield tag="020" ind1=" " ind2=" ">
   <subfield code="a">9789283014522</subfield>
  </datafield>
  <datafield tag="035" ind1=" " ind2=" ">
   <subfield code="l">46551</subfield>
  </datafield>
  <datafield tag="040" ind1=" " ind2=" ">
   <subfield code="a">DLC</subfield>
   <subfield code="b">GR-PeUP</subfield>
  </datafield>
  <datafield tag="082" ind1="0" ind2="0">
   <subfield code="a">KET 336.4 ΠΡΟ</subfield>
  </datafield>
  <datafield tag="245" ind1="0" ind2="0">
   <subfield code="a">Πρόγραμμα εργασίας του προέδρου και προτεραιότητες 2010-2013 :</subfield>
   <subfield code="b">οικοδομώντας μια ισχυρότερη κοινωνία των πολιτών της Ευρώπης /</subfield>
   <subfield code="c">Ευρωπαϊκή Οικονομική και Κοινωνική Επιτροπή.</subfield>
  </datafield>
  <datafield tag="260" ind1="0" ind2=" ">
   <subfield code="a">Βρυξέλλες :</subfield>
   <subfield code="b">Ευρωπαϊκή Οικονομική και Κοινωνική Επιτροπή,</subfield>
   <subfield code="c">2011.</subfield>
  </datafield>
  <datafield tag="300" ind1=" " ind2=" ">
   <subfield code="a">24 σ. :</subfield>
   <subfield code="b">εικ. ;</subfield>
   <subfield code="c">25 εκ.</subfield>
  </datafield>
  <datafield tag="500" ind1=" " ind2=" ">
   <subfield code="a">Πρόεδρος Staffan Nilsson 2010-2013, διάλογος και συμμετοχή βιωσιμότητα και οικονομική μεγέθυνση αλληλεγγύη και ανάπτυξη.</subfield>
  </datafield>
  <datafield tag="610" ind1="2" ind2="0">
   <subfield code="a">Ευρωπαϊκή Οικονομική και Κοινωνική Επιτροπή.</subfield>
  </datafield>
  <datafield tag="610" ind1="2" ind2="0">
   <subfield code="a">Ευρωπαϊκή Ένωση</subfield>
   <subfield code="x">Οικονομική πολιτική.</subfield>
  </datafield>
  <datafield tag="610" ind1="2" ind2="0">
   <subfield code="a">Ευρωπαϊκή Ένωση</subfield>
   <subfield code="x">Κοινωνική πολιτική.</subfield>
  </datafield>
  <datafield tag="650" ind1=" " ind2="4">
   <subfield code="a">Κοινωνία πολιτών.</subfield>
  </datafield>
  <datafield tag="852" ind1=" " ind2=" ">
   <subfield code="a">INST</subfield>
   <subfield code="b">UNIPILB</subfield>
   <subfield code="c">KET</subfield>
   <subfield code="e">20130618</subfield>
   <subfield code="h">KET 336.4 ΠΡΟ</subfield>
   <subfield code="p">00168916</subfield>
   <subfield code="q">00168916</subfield>
   <subfield code="t">LOAN</subfield>
   <subfield code="y">0</subfield>
   <subfield code="4">2</subfield>
  </datafield>
  <datafield tag="852" ind1=" " ind2=" ">
   <subfield code="a">INST</subfield>
   <subfield code="b">UNIPILB</subfield>
   <subfield code="c">KET</subfield>
   <subfield code="e">20130618</subfield>
   <subfield code="h">KET 336.4 ΠΡΟ</subfield>
   <subfield code="p">00168917</subfield>
   <subfield code="q">00168917</subfield>
   <subfield code="t">LOAN</subfield>
   <subfield code="y">0</subfield>
   <subfield code="4">1</subfield>
  </datafield>
  <datafield tag="856" ind1="4" ind2="1">
   <subfield code="u">http://bookshop.europa.eu/el/-2010-2013-pbQE3210535/;pgid=y8dIS7GUWMdSR0EAlMEUUsWb00001PPmY3o9;sid=K5iMBI54KTiMCN9sj50So-xdLEuK14mrLUs=?CatalogCategoryID=luYKABst3IwAAAEjxJEY4e5L</subfield>
  </datafield>
 </record>
</collection>
